<?xml version="1.0" encoding="UTF-8"?>
<record
    xmlns:xsi="http://www.w3.org/2001/XMLSchema-instance"
    xsi:schemaLocation="http://www.loc.gov/MARC21/slim http://www.loc.gov/standards/marcxml/schema/MARC21slim.xsd"
    xmlns="http://www.loc.gov/MARC21/slim">

  <leader>01601nam a2200181 a 4500</leader>
  <controlfield tag="001">ASIN0412612801</controlfield>
  <controlfield tag="005">20150917154501.0</controlfield>
  <controlfield tag="008">150917s1995    xxu                 eng d</controlfield>
  <datafield tag="020" ind1=" " ind2=" ">
    <subfield code="a">0412612801 (paperback)</subfield>
    <subfield code="c">$34.95</subfield>
  </datafield>
  <datafield tag="020" ind1=" " ind2=" ">
    <subfield code="a">9780412612800 (paperback)</subfield>
  </datafield>
  <datafield tag="100" ind1="1" ind2=" ">
    <subfield code="a">Rees, D.G.</subfield>
  </datafield>
  <datafield tag="245" ind1="1" ind2="0">
    <subfield code="a">Essential statistics, third edition /</subfield>
    <subfield code="c">D.G. Rees.</subfield>
  </datafield>
  <datafield tag="250" ind1=" " ind2=" ">
    <subfield code="a">3rd ed.</subfield>
  </datafield>
  <datafield tag="260" ind1=" " ind2=" ">
    <subfield code="a">[S.l.] :</subfield>
    <subfield code="b">Chapman and Hall/CRC,</subfield>
    <subfield code="c">1995.</subfield>
  </datafield>
  <datafield tag="300" ind1=" " ind2=" ">
    <subfield code="a">288 p. ;</subfield>
    <subfield code="c">24 cm.</subfield>
  </datafield>
  <datafield tag="520" ind1=" " ind2=" ">
    <subfield code="a">An introductory textbook for students taking statistics as a subsidiary to one of the sciences (either natural, social, medical, or applied), Essential Statistics: Third Edition thoroughly updates and enhances the successful second edition. Essential material is covered in an easy-to-follow style. An emphasis is placed upon the concepts and assumptions underlying the various statistical methods to analyze data gathered in surveys and experiments. Keeping complex mathematical theory to a minimum, Rees presents a wealth of fully explained worked examples, using 'people data' from a variety of fields-allowing the student a clear view of the use of statistics. Worksheets at the end of each chapter can then be used to check understanding. For the Third Edition , MINITAB applications have been included within each chapter as they arise-rather than as an appendix. New sections examine Venn diagrams; the F test for the equality of two variances; the Fisher exact test; the x2 Trend test; and the Shapiro Wilk test for normality.</subfield>
  </datafield>
  <datafield tag="856" ind1="4" ind2="0">
    <subfield code="3">Amazon.com</subfield>
    <subfield code="u">http://www.amazon.com/exec/obidos/ASIN/0412612801/chopaconline-20</subfield>
  </datafield>
  <datafield tag="999" ind1=" " ind2=" ">
    <subfield code="c">2176</subfield>
    <subfield code="d">2176</subfield>
  </datafield>
  <datafield tag="952" ind1=" " ind2=" ">
    <subfield code="0">0</subfield>
    <subfield code="1">0</subfield>
    <subfield code="7">0</subfield>
    <subfield code="8">NFIC</subfield>
    <subfield code="a">MLCampus</subfield>
    <subfield code="b">MLCampus</subfield>
    <subfield code="c">GEN</subfield>
    <subfield code="d">2015-09-17</subfield>
    <subfield code="l">10</subfield>
    <subfield code="o">519.5 REE</subfield>
    <subfield code="p">002608</subfield>
    <subfield code="r">2022-11-17 00:00:00</subfield>
    <subfield code="s">2019-12-28</subfield>
    <subfield code="w">2015-09-17</subfield>
    <subfield code="y">BK</subfield>
  </datafield>
</record>
